00759nam a2200217 a 450000100060000000300080000600500170001400800410003103500190007204000260009104100080011708200300012510000340015524500770018926000420026630000210030865000380032965100400036765100420040783000920044941779BD-RjUL20211209053441.0160606s1924 nyub b 001 0beng  a(BD-RjUL)41897 bengaBD-RjULcBD-RjUL aeng 223a 975.030924bMIF 19241 aMitchell, Broadus,d1892-198810aFrederick Law Olmsted :ba critic of the Old South /c Broadus Mitchell. aNew York :bRussell & Russell,c1924. a158 p. ;c25 cm. aOlmsted Frederick Lawy1822-1903. 0aSouthern StatesxSocial conditions. 0aSouthern StatesxEconomic conditions. 0aJohns Hopkins University studies in historical and political science ;vser. 42, no. 2.